[Event "Sitges Sunway online op"]
[Site "Chess.com INT"]
[Date "2020.04.26"]
[Round "8"]
[White "Alem, Ali Hussien"]
[Black "Jensen Lynch, Jonathan"]
[Result "1-0"]
[WhiteElo "1590"]
[BlackElo "1590"]
[PlyCount "103"]
[EventDate "2020.04.19"]
[EventType "swiss"]
[EventRounds "9"]
[EventCountry "ESP"]
[SourceTitle "EXT 2021"]
[Source "ChessBase"]
[SourceDate "2020.10.23"]
[SourceVersion "1"]
[SourceVersionDate "2020.10.23"]
[SourceQuality "1"]

1. Nf3 d6 2. g3 f5 3. d4 Nf6 4. Bg2 g6 5. 0-0 Bg7 6. c4 0-0 7. Nc3 c6 8. d5 e5 9. dxe6 Bxe6 10. Qb3 b5 11. Nd2 a6 12. a4 bxc4 13. Nxc4 Ra7 14. Be3 Re7 15. Rfd1 Qc7 16. Bb6 Qd7 17. a5 Ne8 18. Qb4 Bxc4 19. Qxc4+ Qe6 20. Qxe6+ Rxe6 21. Bd4 Nf6 22. Ra3 d5 23. Rb3 Nbd7 24. e3 g5 25. Na4 f4 26. Bf1 fxg3 27. hxg3 Ne4 28. Bxg7 Kxg7 29. Rb7 Re7 30. Nb6 Rff7 31. Bxa6 Ne5 32. Rxe7 Rxe7 33. Bc8 Rf7 34. f4 gxf4 35. gxf4 Nf3+ 36. Kg2 Nh4+ 37. Kf1 Ra7 38. a6 Nc5 39. Ra1 Kf6 40. Ke2 Nf5 41. b4 Ne4 42. Bb7 Nfd6 43. Bxc6 Rg7 44. Nxd5+ Kf7 45. a7 Nf5 46. a8Q Rg2+ 47. Kd3 Nfd6 48. Ra7+ Ke6 49. Bd7+ Kf7 50. Bh3+ Kg6 51. Qg8+ Kh6 52. Rxh7# 1-0

[Event "DEN-ch Kort 1-2"]
[Site "Helsingor"]
[Date "2013.03.24"]
[Round "3"]
[White "Jensen Lynch, Jonathan"]
[Black "Pedersen, Ole1"]
[Result "1-0"]
[WhiteElo "1571"]
[BlackElo "1584"]
[PlyCount "79"]
[EventDate "2013.03.23"]
[EventType "swiss"]
[EventRounds "5"]
[EventCountry "DEN"]
[SourceTitle "EXT 2023"]
[Source "ChessBase"]
[SourceDate "2022.10.05"]
[SourceVersion "1"]
[SourceVersionDate "2022.10.05"]
[SourceQuality "1"]

1. e4 c5 2. Nf3 d6 3. Nc3 Nc6 4. d4 cxd4 5. Nxd4 e5 6. Nb3 Nf6 7. Bg5 Be7 8. Bxf6 Bxf6 9. Nd5 Be6 10. c4 Bxd5 11. cxd5 Nb8 12. Bb5+ Nd7 13. Nd2 0-0 14. b4 a6 15. Be2 Be7 16. Bg4 g6 17. Qf3 Rc8 18. h4 h5 19. Bxh5 gxh5 20. Qxh5 Nf6 21. Qg5+ Kh8 22. Qh6+ Nh7 23. Nf3 Rg8 24. Ng5 Bxg5 25. hxg5 Rg7 26. Qh3 Rc4 27. Qd3 b5 28. a4 Qxg5 29. Ke2 Qg4+ 30. Qf3 Rxe4+ 31. Kf1 Qxf3 32. gxf3 Rxb4 33. axb5 Rxb5 34. Rd1 Kg8 35. Rh4 Nf6 36. f4 Rxd5 37. Rc1 Rg4 38. Rc8+ Kg7 39. Rhh8 Ng8 40. Rhxg8+ 1-0